|
|
|
|
| LEADER |
00000cam a2200000 7i4500 |
| 001 |
0000009570 |
| 002 |
000010426 |
| 005 |
20000330.0 |
| 020 |
|
|
|a 9836251154
|
| 090 |
0 |
0 |
|a 720.95952103
|b GLO
|
| 245 |
0 |
0 |
|a Glosari budaya Malaysia :
|b seni bina tradisional negeri Sabah
|
| 260 |
|
|
|a Kuala Lumpur :
|b Dewan Bahasa Dan Pustaka ,
|c 1995
|
| 300 |
|
|
|a 41p. :
|b ill. ;
|c 22cm.
|
| 650 |
0 |
0 |
|a Architecture
|x Dictionaries
|z Sabah
|
| 999 |
|
|
|a 00068875
|b BUKU
|c PINJAMAN
|e PERPUSTAKAAN KOMUNITI PETALING JAYA
|
| 999 |
|
|
|a 051290
|b BUKU
|c MALAYSIANA
|e PERPUSTAKAAN KOMUNITI PETALING JAYA
|
| 999 |
|
|
|a 054335
|b BUKU
|c PINJAMAN
|e PERPUSTAKAAN KOMUNITI PETALING JAYA
|
| 999 |
|
|
|a 066227
|b BUKU
|c MALAYSIANA
|e PERPUSTAKAAN KOMUNITI PETALING JAYA
|